Bas Charting Songs (Billboard Hot 100) - Statistics

General Stats
  • This quiz has been taken 13 times
    4 since last reset
  • The average score is 7 of 8
Answer Stats
Album Weeks On Peak Artist(s) Song % Correct
Revenge of the Dreamers III 1 Week #75 Dreamville ft. Bas, JID, Guapdad 4000, Reese LAFLARE, Jace, Mez, Smokepurpp, Buddy & Ski Mask the Slump God Costa Rica
100%
Revenge of the Dreamers III 2 Weeks #64 Dreamville ft. JID, Bas, J.Cole, EARTHGANG & Young Nudy Down Bad
100%
Might Delete Later 1 Week #35 J. Cole & Bas ft. Central Cee H.Y.B.
100%
The Off-Season 2 Weeks #19 J. Cole, Bas & 6LACK l e t . g o . m y . h a n d
100%
Non-Album Single 1 Week #78 Bas & J. Cole ft. Lil Tjay The Jackie
100%
The Off-Season 2 Weeks #14 J. Cole & Bas 1 0 0 . m i l '
67%
The Off-Season 1 Week #28 J. Cole & Bas h u n g e r . o n . h i l l s i d e
67%
Might Delete Later 1 Week #65 J. Cole ft. Bas Stealth Mode
33%
No matching quizzes found
Score Distribution
Percent of People with Each Score
Percentile by Number Answered
Your Score History
You have not taken this quiz since the last reset